| 000 | 00476nam a2200145 a 4500 | ||
|---|---|---|---|
| 001 | 3849 | ||
| 003 | CDMR | ||
| 005 | 20130313120229.0 | ||
| 008 | 130130s2003||||||||||||||||||||||||||||d | ||
| 040 |
_aCDMR _bcat _cCPC LLEIDA |
||
| 245 | 0 | 0 | _aConclusions i propostes de la Convenció Catalana per al debat sobre el Futur de la Unió Europea |
| 260 |
_aBarcelona _c2003 _bPatronat Català Pro Europa |
||
| 500 | _aTítol a coberta: 80 propostes per a una nova Europa | ||
| 942 |
_cMON _2ddc |
||
| 999 |
_c3849 _d3849 |
||